000 00199 a2200097 4500
020 _a9788440644473
041 _aspa
100 _aPedro Crespo
245 _aSol Rojo Sobre Blanco Infito
942 _cBK
999 _c14297
_d14297